000 00997cam a22002411i 4500
003 SA-RiAUC
005 20250411123030.0
008 250410s2002 ||| g 000 0 ara c
040 _aJO-IrYU
_bara
_cSA-RiAUC
_erda
050 1 4 _b.T8222 2002
082 0 4 _a303.482
090 _a303.482
_b ت و ي
100 1 _aالتويجري، عبد العزيز بن عثمان،
_d1369 هجري-
_eمؤلف.
245 1 2 _aالعولمة والحياة الثقافية في العالم الإسلامي /
_cعبد العزيز بن عثمان التويجري.
264 1 _a[مكان النشر غير محدد] :
_bالمنظمة الإسلامية للتربية،
_c2002
300 _a[متعدد الترقيم] ؛
_c19 سم
336 _aنص
_btxt
_2rdacontent
_3كتاب
337 _aبدون وسيط
_bn
_2rdamedia
338 _aمجلد
_bnc
_2rdacarrier
650 7 _aالثقافة والعولمة
_2aucsh
942 _2ddc
_cBOOK
_n0
949 _aSA-JeALM
_d250410
_umohamedma123
_n1
999 _c6883
_d6883